KOHA-Header-6

Software Engineering (Record no. 8777)

000 -LEADER
fixed length control field 00256nam a2200109Ia 4500
100 ## - MAIN ENTRY--AUTHOR NAME
Personal name Roger S.Pressman
245 #0 - TITLE STATEMENT
Title Software Engineering
260 ## - PUBLICATION, DISTRIBUTION, ETC. (IMPRINT)
Place of publication USA
Name of publisher Education
Year of publication 2000
300 ## - PHYSICAL DESCRIPTION
Number of Pages 901
942 ## - ADDED ENTRY ELEMENTS (KOHA)
Koha item type Books
Holdings
Withdrawn status Lost status Collection code Permanent Location Current Location Shelving location Date acquired Full call number Accession Number Koha item type
    Electrical Engineering MAJU MAJU Shelf No.A25 2019-09-14 005.2 3748 Electrical Engineering

Powered by Koha